| 000 | 00459nam a2200157 i 4500 | ||
|---|---|---|---|
| 001 | 79175 | ||
| 003 | ES-MaACL | ||
| 005 | 20230906173924.0 | ||
| 007 | t| | ||
| 008 | 041020s1958 sp ||||1| spa d | ||
| 100 | 1 |
_aHernández González, Luis. _962949 |
|
| 245 | 1 | 0 |
_aPasodoble _b: (poema de España) / _cLuis Hernández Gómez. |
| 260 |
_aMadrid : _b[s.n., _c1958] ( _fMaestre) |
||
| 300 |
_a88 p., 8 lám. ; _c21 cm. |
||
| 852 |
_aES-MaACL _jC-14122 _bR.41411 |
||
| 999 |
_c79175 _d79175 |
||